| 000 | 00671nam a22002177a 4500 | ||
|---|---|---|---|
| 999 |
_c356261 _d356261 |
||
| 001 | 546879 | ||
| 003 | NUST | ||
| 005 | 20180312062814.0 | ||
| 008 | 180312b ||||| |||| 00| 0 eng d | ||
| 082 |
_a891.4391 _bARI |
||
| 100 |
_aArif, Mehreen _910129 |
||
| 245 |
_aHarf hawaly sukhan ujaly / _cby Mehreen Arif |
||
| 260 |
_aLahore: _bAlina publishers, _c1990 |
||
| 300 | _a192 pages | ||
| 546 | _aIn Urdu | ||
| 650 |
_aUrdu Literature- Poetry _91415 |
||
| 880 |
_6100-01\r _aمہرین عارف |
||
| 880 |
_6245-02\r _aحرف حوالے سخن اجالے _cمہرین عارف |
||
| 880 |
_6260-03\r _aلاہور: _bعلینہ پبلشرز، _c1990 |
||
| 942 |
_2ddc _cBK |
||